[Event "Women vs. Masters Team"]
[Site "Toronto CAN"]
[Date "2010.08.29"]
[Round "4"]
[White "Henry, Liam"]
[Black "Giblon, Melissa"]
[Result "1-0"]
[WhiteElo "1845"]
[BlackElo "865"]
[PlyCount "103"]
[EventDate "2010.08.29"]
[EventType "schev"]
[EventRounds "6"]
[EventCountry "CAN"]

1. e4 c5 2. Nf3 d6 3. d4 cxd4 4. Nxd4 Nf6 5. Nc3 e6 6. Bc4 a6 7. Bb3 Be7 8. O-O
O-O 9. f4 e5 10. Nf5 Bxf5 11. exf5 Nc6 12. g4 Qb6+ 13. Kh1 Nd4 14. g5 Qc6+ 15.
Kg1 Nd7 16. Bd5 Qb6 17. Kh1 Nxf5 18. fxe5 Ne3 19. Bxe3 Qxe3 20. e6 Ne5 21.
exf7+ Nxf7 22. g6 hxg6 23. Bxf7+ Rxf7 24. Rxf7 Kxf7 25. Qd5+ Ke8 26. Qxb7 Ra7
27. Qc8+ Bd8 28. Rf1 Qe7 29. Qc6+ Qd7 30. Qe4+ Qe7 31. Qxg6+ Kd7 32. Rf7 Kc6
33. Qg2+ Kb6 34. Nd5+ Kc5 35. b4+ Kb5 36. Nxe7 Rxe7 37. Rxe7 Bxe7 38. Qb7+ Kc4
39. Qxe7 g5 40. Qe4+ Kc3 41. Qc6+ Kb2 42. Qxd6 g4 43. c4 g3 44. Qxg3 a5 45.
bxa5 Kxa2 46. Qc3 Kb1 47. Qd2 Ka1 48. a6 Kb1 49. a7 Ka1 50. a8=R+ Kb1 51. Rb8+
Ka1 52. Qb2# 1-0

[Event "Women vs. Masters Team"]
[Site "Toronto CAN"]
[Date "2010.08.29"]
[Round "4"]
[White "Kleinman, Michael"]
[Black "Liu, Jiaxin (Dora)"]
[Result "1-0"]
[WhiteElo "1726"]
[BlackElo "1768"]
[PlyCount "67"]
[EventDate "2010.08.29"]
[EventType "schev"]
[EventRounds "6"]
[EventCountry "CAN"]

1. e4 c5 2. Nc3 d6 3. f4 Qc7 4. Nf3 e6 5. Bc4 Nd7 6. O-O Be7 7. f5 Nb6 8. Bb5+
Bd7 9. fxe6 fxe6 10. Ng5 Bxg5 11. Qh5+ g6 12. Qxg5 Bxb5 13. Nxb5 Qd7 14. a4 a6
15. Nc3 Ne7 16. d3 O-O-O 17. Rf7 Rde8 18. a5 Na8 19. Qf6 h6 20. Be3 Nc7 21. d4
c4 22. Na4 Na8 23. b3 cxb3 24. cxb3 Kb8 25. Rc1 g5 26. Bd2 g4 27. e5 Qd8 28.
exd6 Nd5 29. Qg7 Ne7 30. Rxe7 Rxe7 31. dxe7 Qe8 32. Qe5+ Ka7 33. Qc5+ Kb8 34.
Bf4+ 1-0

[Event "Women vs. Masters Team"]
[Site "Toronto CAN"]
[Date "2010.08.29"]
[Round "5"]
[White "Giblon, Melissa"]
[Black "Cohen, David"]
[Result "0-1"]
[WhiteElo "865"]
[BlackElo "1967"]
[PlyCount "42"]
[EventDate "2010.08.29"]
[EventType "schev"]
[EventRounds "6"]
[EventCountry "CAN"]

1. e4 e5 2. Nf3 Nc6 3. Bc4 Nf6 4. Ng5 d5 5. exd5 Na5 6. Bb5+ c6 7. dxc6 bxc6 8.
Ba4 h6 9. Nf3 Ba6 10. d3 e4 11. dxe4 Qxd1+ 12. Kxd1 O-O-O+ 13. Bd2 Nxe4 14. Rf1
Bc5 15. Ke1 Nxd2 16. Nbxd2 Rhe8+ 17. Kd1 Bxf1 18. c3 Bxf2 19. b4 Nc4 20. Kc2
Nxd2 21. Nxd2 Bxg2 0-1

[Event "Women vs. Masters Team"]
[Site "Toronto CAN"]
[Date "2010.08.29"]
[Round "5"]
[White "Giblon, Rebecca"]
[Black "Campbell, Brett"]
[Result "0-1"]
[WhiteElo "1231"]
[BlackElo "2274"]
[PlyCount "46"]
[EventDate "2010.08.29"]
[EventType "schev"]
[EventRounds "6"]
[EventCountry "CAN"]

1. e4 Nf6 2. Nc3 d6 3. d4 Nbd7 4. Nf3 e5 5. Bg5 Be7 6. Qd2 h6 7. Be3 Ng4 8. Nd5
c6 9. Nxe7 Qxe7 10. O-O-O O-O 11. Bc4 Ndf6 12. h3 Nxe4 13. Qe2 Ngf6 14. dxe5
dxe5 15. Nh4 Be6 16. Rhg1 b5 17. Bxe6 Qxe6 18. Kb1 Nd5 19. Bd2 Nxd2+ 20. Qxd2
b4 21. g4 Rfb8 22. Nf3 Nc3+ 23. Kc1 Qxa2 0-1

[Event "Women vs. Masters Team"]
[Site "Toronto CAN"]
[Date "2010.08.29"]
[Round "5"]
[White "Liu, Jiaxin (Dora)"]
[Black "Henry, Liam"]
[Result "0-1"]
[WhiteElo "1768"]
[BlackElo "1845"]
[PlyCount "105"]
[EventDate "2010.08.29"]
[EventType "schev"]
[EventRounds "6"]
[EventCountry "CAN"]

1. e4 c5 2. Nf3 d6 3. d4 cxd4 4. Nxd4 Nf6 5. Nc3 a6 6. Be2 e5 7. Nf3 h6 8. Be3
Be7 9. O-O O-O 10. a4 b6 11. Nd2 Qc7 12. f4 Bb7 13. Bf3 Nbd7 14. Qe1 Rac8 15.
Qg3 Kh7 16. Rac1 Rfe8 17. Rfe1 Bf8 18. Re2 Qb8 19. Rce1 b5 20. axb5 axb5 21.
Rc1 b4 22. Nd1 Ba6 23. Re1 Bd3 24. Nf2 Bxc2 25. Ng4 b3 26. f5 Nxg4 27. Bxg4 Nf6
28. Bf3 d5 29. Bf2 Bb4 30. Re2 Bd3 31. Nxb3 Bxe2 32. Bxe2 Rxc1+ 33. Nxc1 Nxe4
34. Qf3 Nxf2 35. Qxf2 Rc8 36. Nd3 e4 37. Nxb4 Qxb4 38. Bf1 Qc5 39. b3 d4 40.
Qd2 Qc3 41. Qe2 Re8 42. Qd1 d3 43. h3 Qc5+ 44. Kh2 Qxf5 45. Kg1 Re6 46. Qe1 e3
47. b4 e2 48. Bxe2 Rxe2 49. Qf1 Qxf1+ 50. Kxf1 Rb2 51. b5 Rxb5 52. Ke1 Rb2 53.
g4 0-1

[Event "Women vs. Masters Team"]
[Site "Toronto CAN"]
[Date "2010.08.29"]
[Round "5"]
[White "Peng, Jackie"]
[Black "Jung, Hans"]
[Result "1/2-1/2"]
[WhiteElo "1835"]
[BlackElo "2248"]
[PlyCount "89"]
[EventDate "2010.08.29"]
[EventType "schev"]
[EventRounds "6"]
[EventCountry "CAN"]

1. e4 e6 2. d4 d5 3. Nc3 Bb4 4. e5 c5 5. a3 Bxc3+ 6. bxc3 Qc7 7. h4 cxd4 8.
cxd4 Qc3+ 9. Bd2 Qxd4 10. Nf3 Qe4+ 11. Be2 Nc6 12. Kf1 Nxe5 13. Bc3 f6 14. Nxe5
fxe5 15. Bd3 Qf4 16. Qh5+ Qf7 17. Bb5+ Kf8 18. Qxe5 a6 19. Bb4+ Ne7 20. Rh3 Kg8
21. Rf3 Nf5 22. Bd3 h5 23. c4 dxc4 24. Bxc4 Kh7 25. Re1 b5 26. Bd3 g6 27. Rc1
Ra7 28. Bxf5 exf5 29. Rfc3 Bd7 30. Rc7 Rha8 31. Rxa7 Rxa7 32. Bc3 Qf8 33. Bd4
Rb7 34. Qd5 Bc8 35. Qc6 Rd7 36. Bb6 Qe8 37. Re1 Bb7 38. Rxe8 Bxc6 39. Re1 Kg7
40. g3 Bf3 41. Bc5 Kf7 42. Rc1 Ke6 43. Re1+ Kd5 44. Bb4 Rc7 45. Re3 1/2-1/2

[Event "Women vs. Masters Team"]
[Site "Toronto CAN"]
[Date "2010.08.29"]
[Round "6"]
[White "Campbell, Brett"]
[Black "Giblon, Melissa"]
[Result "1-0"]
[WhiteElo "2274"]
[BlackElo "865"]
[PlyCount "43"]
[EventDate "2010.08.29"]
[EventType "schev"]
[EventRounds "6"]
[EventCountry "CAN"]

1. Nf3 Nc6 2. d4 d5 3. c4 dxc4 4. d5 Nb4 5. Qa4+ c6 6. Qxb4 cxd5 7. Ne5 a6 8.
Nc3 e6 9. Qa4+ Bd7 10. Qxd7+ Qxd7 11. Nxd7 Kxd7 12. e4 Re8 13. Be3 Nf6 14.
O-O-O Kc6 15. Bd4 Ng4 16. f3 Nf6 17. Bxf6 gxf6 18. exd5+ exd5 19. Nxd5 Bh6+ 20.
Kc2 Rd8 21. Bxc4 b5 22. Bb3 1-0

[Event "Women vs. Masters Team"]
[Site "Toronto CAN"]
[Date "2010.08.29"]
[Round "6"]
[White "Cohen, David"]
[Black "Liu, Jiaxin (Dora)"]
[Result "1/2-1/2"]
[WhiteElo "1967"]
[BlackElo "1768"]
[PlyCount "36"]
[EventDate "2010.08.29"]
[EventType "schev"]
[EventRounds "6"]
[EventCountry "CAN"]

1. e4 c5 2. Nf3 d6 3. d4 cxd4 4. Nxd4 Nf6 5. Nc3 a6 6. Be2 e6 7. Be3 Be7 8. O-O
O-O 9. f4 Nbd7 10. Qd2 Qc7 11. Rad1 b5 12. a3 Bb7 13. Bf3 Nc5 14. Ncxb5 axb5
15. Nxb5 Qc8 16. Nxd6 Bxd6 17. Qxd6 Ncxe4 18. Qd3 Ba6 1/2-1/2

[Event "Women vs. Masters Team"]
[Site "Toronto CAN"]
[Date "2010.08.29"]
[Round "6"]
[White "Day, Lawrence"]
[Black "Peng, Jackie"]
[Result "1-0"]
[WhiteElo "2476"]
[BlackElo "1846"]
[PlyCount "75"]
[EventDate "2010.08.29"]
[EventType "schev"]
[EventRounds "6"]
[EventCountry "CAN"]

1. e4 c5 2. Nf3 d6 3. d4 cxd4 4. Nxd4 Nf6 5. Nc3 g6 6. g3 Bg7 7. Bg2 O-O 8.
Nde2 Nc6 9. h3 Bd7 10. O-O Rc8 11. Re1 Ne5 12. a4 Nc4 13. Ra2 Qb6 14. b3 Ne5
15. Be3 Qb4 16. Nd5 Nxd5 17. exd5 f5 18. Kh2 Nf7 19. Nf4 Bh6 20. Bd2 Qc5 21.
Rxe7 Bxf4 22. Bxf4 Rcd8 23. c4 Rfe8 24. Be3 Qc7 25. Rxe8+ Rxe8 26. Qd4 b6 27.
Qf6 Qd8 28. Qc3 Qe7 29. a5 Qd8 30. axb6 axb6 31. Qb4 Qc7 32. Ra6 Rb8 33. Rxb6
Rxb6 34. Qxb6 Qc8 35. f4 Be8 36. Bd4 Qd7 37. Bc3 Nd8 38. Qd4 1-0

[Event "Women vs. Masters Team"]
[Site "Toronto CAN"]
[Date "2010.08.29"]
[Round "6"]
[White "Jung, Hans"]
[Black "Giblon, Rebecca"]
[Result "1-0"]
[WhiteElo "2248"]
[BlackElo "1231"]
[PlyCount "43"]
[EventDate "2010.08.29"]
[EventType "schev"]
[EventRounds "6"]
[EventCountry "CAN"]

1. e4 e5 2. Nf3 Nc6 3. Bc4 Bc5 4. O-O Nf6 5. d4 exd4 6. e5 d5 7. exf6 dxc4 8.
Re1+ Be6 9. Ng5 Qxf6 10. Nxe6 Bb4 11. Nxc7+ Kd8 12. Nd5 Qd6 13. Nxb4 Nxb4 14.
Nc3 Qd7 15. Re4 Kc7 16. Rxd4 Qe6 17. Bf4+ Kb6 18. Rd6+ Qxd6 19. Qxd6+ Nc6 20.
Be3+ Ka6 21. b4 cxb3 22. axb3# 1-0

[Event "Zukertort"]
[Site "Charlesbourg CAN"]
[Date "2010.04.26"]
[Round "1"]
[White "Drolet, Stephane"]
[Black "Beaudoin, Stephane"]
[Result "1-0"]
[WhiteElo "2132"]
[BlackElo "2113"]
[PlyCount "55"]
[EventDate "2010.04.26"]
[EventType "team"]
[EventRounds "6"]
[EventCountry "CAN"]

1. d4 Nf6 2. Nf3 g6 3. Bg5 Bg7 4. Nbd2 c5 5. e3 cxd4 6. exd4 Qa5 7. c3 O-O 8.
h3 d6 9. Be2 Nbd7 10. O-O Qc7 11. Re1 Nb6 12. Bf1 h6 13. Bf4 g5 14. Bh2 Bf5 15.
c4 Rad8 16. Rc1 Qd7 17. Qb3 g4 18. hxg4 Nxg4 19. Bg3 e5 20. c5 dxc5 21. dxe5 c4
22. Nxc4 Nd5 23. Nd6 Be6 24. Bc4 Nxe5 25. Nxe5 Qxd6 26. Nxf7 Qxg3 27. Nxh6+
Bxh6 28. Qxg3+ 1-0

[Event "Zukertort"]
[Site "Charlesbourg CAN"]
[Date "2010.04.26"]
[Round "1"]
[White "Glode, Martin"]
[Black "Gagnon, Francois"]
[Result "1/2-1/2"]
[WhiteElo "1774"]
[BlackElo "1858"]
[PlyCount "60"]
[EventDate "2010.04.26"]
[EventType "team"]
[EventRounds "6"]
[EventCountry "CAN"]

1. e4 c5 2. Nc3 d6 3. Nge2 Nf6 4. d4 cxd4 5. Nxd4 a6 6. Be3 e5 7. Nb3 Be6 8. f4
Qc7 9. f5 Bc4 10. Bxc4 Qxc4 11. Qf3 Nbd7 12. g4 b5 13. g5 b4 14. Nd2 Qc6 15.
Ne2 Ng8 16. Rc1 Rc8 17. c4 Nc5 18. Bxc5 Qxc5 19. Qf2 Qc6 20. O-O Be7 21. h4 Bd8
22. Qf3 Bb6+ 23. Kg2 Qd7 24. Qd3 Ne7 25. Nf3 Qc6 26. b3 Nxf5 27. exf5 e4 28.
Qd5 exf3+ 29. Qxf3 O-O 30. Qxc6 Rxc6 1/2-1/2

[Event "Zukertort"]
[Site "Charlesbourg CAN"]
[Date "2010.04.26"]
[Round "1"]
[White "Tremblay, Rejean"]
[Black "Lessard, Claude"]
[Result "1-0"]
[WhiteElo "2289"]
[BlackElo "2025"]
[PlyCount "69"]
[EventDate "2010.04.26"]
[EventType "team"]
[EventRounds "6"]
[EventCountry "CAN"]

1. e4 c6 2. Nc3 d5 3. Nf3 dxe4 4. Nxe4 Nf6 5. Nxf6+ exf6 6. Bc4 Bd6 7. Qe2+ Qe7
8. Qxe7+ Bxe7 9. h3 Nd7 10. d4 Nb6 11. Bd3 Be6 12. O-O O-O 13. b3 Rfe8 14. c4
Rad8 15. Bb2 Nd7 16. Rfd1 Nf8 17. Nh4 g6 18. Nf3 g5 19. Nh2 f5 20. Bf1 g4 21.
hxg4 fxg4 22. d5 g3 23. fxg3 cxd5 24. cxd5 Rxd5 25. Rxd5 Bxd5 26. Bd4 Ne6 27.
Bxa7 Ra8 28. Rd1 Bc6 29. Bf2 Rxa2 30. Ng4 Rb2 31. Bc4 Bc5 32. Rf1 Bd6 33. Bxe6
fxe6 34. Nh6+ Kf8 35. Bd4+ 1-0

[Event "Zukertort"]
[Site "Charlesbourg CAN"]
[Date "2010.05.03"]
[Round "2"]
[White "Arteau, Benoit"]
[Black "Glode, Martin"]
[Result "1/2-1/2"]
[WhiteElo "1819"]
[BlackElo "1774"]
[PlyCount "82"]
[EventDate "2010.04.26"]
[EventType "team"]
[EventRounds "6"]
[EventCountry "CAN"]

1. d4 d5 2. c4 c6 3. e3 Nf6 4. Nf3 Bf5 5. Bd3 Bxd3 6. Qxd3 e6 7. Nc3 Nbd7 8.
cxd5 exd5 9. O-O Bd6 10. Re1 O-O 11. a3 a5 12. b3 Re8 13. Bb2 Ne4 14. h3 Ndf6
15. Nd2 Nxd2 16. Qxd2 Qb6 17. Qc2 Re7 18. Rac1 Rae8 19. Na4 Qc7 20. Re2 Ne4 21.
Nc3 Bh2+ 22. Kf1 Bd6 23. Kg1 Bh2+ 24. Kf1 Bd6 25. Qd3 Qd7 26. Nxe4 Rxe4 27. Qd2
Bc7 28. Bc3 Qd6 29. Bxa5 Bxa5 30. Qxa5 Qh2 31. f3 R4e6 32. Kf2 Rg6 33. Rg1 Qg3+
34. Kf1 h5 35. Qe1 Qd6 36. b4 Rge6 37. g4 hxg4 38. hxg4 Qe7 39. Kf2 Qh4+ 40.
Kg2 Qg5 41. Kf2 Qh4+ 1/2-1/2

[Event "Zukertort"]
[Site "Charlesbourg CAN"]
[Date "2010.05.03"]
[Round "2"]
[White "Filiatreault, Michel"]
[Black "Gagnon, Francois"]
[Result "0-1"]
[WhiteElo "1919"]
[BlackElo "1858"]
[PlyCount "66"]
[EventDate "2010.04.26"]
[EventType "team"]
[EventRounds "6"]
[EventCountry "CAN"]

1. c4 Nf6 2. Nf3 g6 3. g3 Bg7 4. Bg2 d6 5. O-O e5 6. Nc3 O-O 7. d3 c6 8. h3
Nbd7 9. e4 Nh5 10. Be3 Qe8 11. Qd2 f5 12. Bh6 f4 13. Bxg7 Nxg7 14. Nh2 Ne6 15.
Ne2 Nb6 16. b4 Qe7 17. a4 Ng5 18. h4 Nh3+ 19. Kh1 fxg3 20. fxg3 Nf2+ 21. Kg1
Nh3+ 22. Kh1 Nf2+ 23. Rxf2 Rxf2 24. Qe3 Rf8 25. a5 Nd7 26. Bf3 Nf6 27. Ng1 Be6
28. Kg2 d5 29. c5 dxe4 30. dxe4 Rad8 31. Ne2 Qd7 32. Qc3 Bh3+ 33. Kh1 Ng4 0-1

[Event "Zukertort"]
[Site "Charlesbourg CAN"]
[Date "2010.05.03"]
[Round "2"]
[White "Lessard, Claude"]
[Black "Beaudoin, Stephane"]
[Result "1/2-1/2"]
[WhiteElo "2025"]
[BlackElo "2113"]
[PlyCount "72"]
[EventDate "2010.04.26"]
[EventType "team"]
[EventRounds "6"]
[EventCountry "CAN"]

1. e4 g6 2. d4 Bg7 3. Nc3 d6 4. f4 Nf6 5. Nf3 O-O 6. Bd3 Na6 7. O-O c5 8. d5
Rb8 9. Qe2 Nc7 10. a4 Bd7 11. Bc4 e6 12. dxe6 Bxe6 13. Bxe6 Nxe6 14. Rd1 Nd4
15. Nxd4 cxd4 16. Nb5 a6 17. Nxd4 Re8 18. e5 dxe5 19. fxe5 Qb6 20. c3 Nd5 21.
Qf2 Rbd8 22. a5 Qc5 23. Rf1 Rd7 24. Bg5 Rxe5 25. Nf3 Qxf2+ 26. Rxf2 Re6 27. Rd2
f6 28. Bf4 g5 29. c4 Re4 30. Rxd5 Rxd5 31. cxd5 Rxf4 32. Rc1 Bf8 33. Rc8 Kf7
34. Rc7+ Ke8 35. Rc8+ Kf7 36. Rc7+ Ke8 1/2-1/2

[Event "Zukertort"]
[Site "Charlesbourg CAN"]
[Date "2010.05.03"]
[Round "2"]
[White "Tremblay, Rejean"]
[Black "Drolet, Stephane"]
[Result "1-0"]
[WhiteElo "2289"]
[BlackElo "2132"]
[PlyCount "49"]
[EventDate "2010.04.26"]
[EventType "team"]
[EventRounds "6"]
[EventCountry "CAN"]

1. e4 Nc6 2. Nc3 e6 3. d4 d5 4. Nf3 Nf6 5. exd5 exd5 6. Bb5 a6 7. Bxc6+ bxc6 8.
O-O Be7 9. Ne5 Bb7 10. Bg5 h6 11. Bxf6 Bxf6 12. Re1 O-O 13. Na4 Qd6 14. Nc5 Bc8
15. c3 Rb8 16. b4 Bf5 17. Nxa6 Rbe8 18. f4 Bh4 19. g3 f6 20. Nd3 Rxe1+ 21. Nxe1
Re8 22. Ng2 Bxg3 23. hxg3 Qd7 24. Nc5 Qc8 25. Qd2 1-0

[Event "Zukertort"]
[Site "Charlesbourg CAN"]
[Date "2010.05.10"]
[Round "3"]
[White "Beaudoin, Stephane"]
[Black "Tremblay, Rejean"]
[Result "0-1"]
[WhiteElo "2113"]
[BlackElo "2289"]
[PlyCount "60"]
[EventDate "2010.04.26"]
[EventType "team"]
[EventRounds "6"]
[EventCountry "CAN"]

1. e4 c5 2. Nf3 d6 3. d4 cxd4 4. Nxd4 Nf6 5. Nc3 a6 6. Bd3 g6 7. O-O Bg7 8. h3
Nbd7 9. Be3 Nc5 10. Nb3 Nxd3 11. Qxd3 b5 12. Rad1 Be6 13. Qd2 O-O 14. Rfe1 Rc8
15. f3 Nd7 16. Nd4 Ne5 17. b3 Bd7 18. Nce2 Re8 19. Bh6 Bh8 20. f4 Nc6 21. Nxc6
Rxc6 22. e5 Qb6+ 23. Kh1 Rec8 24. Nd4 Rc3 25. Re3 b4 26. Rxc3 Rxc3 27. Ne2
Rxh3+ 28. gxh3 Bc6+ 29. Qd5 Bxd5+ 30. Rxd5 Qc6 0-1

[Event "Zukertort"]
[Site "Charlesbourg CAN"]
[Date "2010.05.10"]
[Round "3"]
[White "Drolet, Stephane"]
[Black "Lessard, Claude"]
[Result "1-0"]
[WhiteElo "2132"]
[BlackElo "2025"]
[PlyCount "87"]
[EventDate "2010.04.26"]
[EventType "team"]
[EventRounds "6"]
[EventCountry "CAN"]

1. Nf3 c5 2. c4 Nf6 3. g3 g6 4. Bg2 Bg7 5. Nc3 Nc6 6. O-O O-O 7. d3 h6 8. a3 d6
9. Rb1 Rb8 10. b4 Ng4 11. Bd2 Nge5 12. bxc5 Nxf3+ 13. Bxf3 Ne5 14. Bg2 dxc5 15.
Ne4 b6 16. Nxc5 Bg4 17. Na6 Rc8 18. Bc3 Bf5 19. Bxe5 Bxe5 20. Nb4 Qd7 21. Nd5
g5 22. Rb5 Bg7 23. Qb3 e6 24. Ne3 Bg6 25. Nc2 Kh7 26. a4 f5 27. Rb1 e5 28. a5
bxa5 29. Rxa5 Rc7 30. Qa2 e4 31. Nb4 exd3 32. exd3 f4 33. Nd5 fxg3 34. fxg3
Bd4+ 35. Kh1 Rf2 36. Nxc7 Rxa2 37. Rxa2 Bb6 38. Nd5 Qd6 39. Nxb6 axb6 40. Ra7+
Kh8 41. Ra8+ Kh7 42. Ra7+ Kh8 43. Bd5 Bxd3 44. Re1 1-0

[Event "Zukertort"]
[Site "Charlesbourg CAN"]
[Date "2010.05.10"]
[Round "3"]
[White "Glode, Martin"]
[Black "Filiatreault, Michel"]
[Result "1-0"]
[WhiteElo "1774"]
[BlackElo "1919"]
[PlyCount "83"]
[EventDate "2010.04.26"]
[EventType "team"]
[EventRounds "6"]
[EventCountry "CAN"]

1. e4 c5 2. Nf3 e6 3. c3 d5 4. exd5 Qxd5 5. Na3 Nc6 6. d4 cxd4 7. Nb5 Qd8 8.
Nbxd4 Nf6 9. Nxc6 Qxd1+ 10. Kxd1 bxc6 11. Ne5 Bb7 12. Be2 Bc5 13. Bf3 Nd5 14.
Nd3 Bd6 15. c4 Nb4 16. Nxb4 Bxb4 17. Be3 O-O 18. Kc2 a5 19. Rad1 a4 20. Rd7 Ba6
21. Bxc6 Rac8 22. Bxa4 Bxc4 23. Kb1 Bd5 24. f3 Ra8 25. b3 Bc3 26. Rc1 Be5 27.
h3 Rfb8 28. Ra7 Rxa7 29. Bxa7 Ra8 30. Be3 f5 31. Bc6 Bxc6 32. Rxc6 Kf7 33. a4
Rd8 34. Kc2 f4 35. Bb6 Ra8 36. a5 Ke7 37. b4 Kd7 38. b5 Bd6 39. a6 g5 40. a7 h5
41. Bf2 e5 42. Rc4 1-0

[Event "Zukertort"]
[Site "Charlesbourg CAN"]
[Date "2010.05.17"]
[Round "4"]
[White "Beaudoin, Stephane"]
[Black "Drolet, Stephane"]
[Result "1-0"]
[WhiteElo "2113"]
[BlackElo "2132"]
[PlyCount "44"]
[EventDate "2010.04.26"]
[EventType "team"]
[EventRounds "6"]
[EventCountry "CAN"]

1. e4 e6 2. d4 d5 3. Nc3 Nf6 4. Bg5 Be7 5. e5 Nfd7 6. h4 h6 7. Bxe7 Qxe7 8. Qg4
O-O 9. f4 f5 10. Qg6 Qf7 11. Qxf7+ Rxf7 12. O-O-O c6 13. Be2 Nf8 14. Nh3 b6 15.
Rhg1 Ba6 16. Bf3 Kh7 17. Rd2 g6 18. h5 gxh5 19. Bxh5 Re7 20. Bg4 c5 21. Nxd5
exd5 22. Bxf5+ Ng6 1-0

[Event "Zukertort"]
[Site "Charlesbourg CAN"]
[Date "2010.05.17"]
[Round "4"]
[White "Filiatreault, Michel"]
[Black "Arteau, Benoit"]
[Result "0-1"]
[WhiteElo "1919"]
[BlackElo "1819"]
[PlyCount "76"]
[EventDate "2010.04.26"]
[EventType "team"]
[EventRounds "6"]
[EventCountry "CAN"]

1. d4 Nf6 2. c4 e6 3. Nd2 Nc6 4. e3 Bb4 5. a3 Bxd2+ 6. Qxd2 d6 7. Bd3 e5 8. d5
Ne7 9. e4 O-O 10. Qg5 Ng6 11. h3 a5 12. Ne2 Nd7 13. Qg3 Nc5 14. Bc2 f5 15. Bg5
f4 16. Bxd8 fxg3 17. Nxg3 Rxd8 18. Ne2 Bd7 19. f3 Rf8 20. O-O b5 21. b4 Nb7 22.
Bd3 bxc4 23. Bxc4 Nf4 24. Rfc1 Nxe2+ 25. Bxe2 Rfc8 26. Rab1 axb4 27. axb4 Nd8
28. Ra1 c6 29. Rxa8 Rxa8 30. dxc6 Bxc6 31. b5 Be8 32. Rd1 Nb7 33. Bc4+ Bf7 34.
Bxf7+ Kxf7 35. Rc1 Nc5 36. Rb1 Ke6 37. Kf2 Ra3 38. b6 Ra8 0-1

[Event "Zukertort"]
[Site "Charlesbourg CAN"]
[Date "2010.05.17"]
[Round "4"]
[White "Gagnon, Francis"]
[Black "Glode, Martin"]
[Result "1/2-1/2"]
[WhiteElo "1858"]
[BlackElo "1774"]
[PlyCount "34"]
[EventDate "2010.04.26"]
[EventType "team"]
[EventRounds "6"]
[EventCountry "CAN"]

1. d4 Nf6 2. c4 e6 3. Nf3 d5 4. Nc3 c6 5. e3 Nbd7 6. Bd3 dxc4 7. Bxc4 b5 8. Bd3
Bd6 9. e4 e5 10. O-O O-O 11. Re1 Re8 12. a4 b4 13. Ne2 exd4 14. Qd2 Nc5 15. Qg5
Ne6 16. Qd2 Nc5 17. Qg5 Ne6 1/2-1/2

[Event "Zukertort"]
[Site "Charlesbourg CAN"]
[Date "2010.05.17"]
[Round "4"]
[White "Lessard, Claude"]
[Black "Tremblay, Rejean"]
[Result "0-1"]
[WhiteElo "2025"]
[BlackElo "2289"]
[PlyCount "87"]
[EventDate "2010.04.26"]
[EventType "team"]
[EventRounds "6"]
[EventCountry "CAN"]

1. e4 c5 2. Nf3 d6 3. d4 cxd4 4. Nxd4 Nf6 5. Nc3 a6 6. Be2 e5 7. Nb3 Be7 8. Be3
Be6 9. O-O Nbd7 10. f4 Qc7 11. f5 Bc4 12. a4 h6 13. Qd2 b6 14. Rad1 Rc8 15. Kh1
Bxe2 16. Qxe2 Qc4 17. Qf3 O-O 18. Nd2 Qb4 19. Qh3 Qxb2 20. Ne2 Qxc2 21. Bxh6
gxh6 22. Qxh6 Nh7 23. h4 Bf6 24. g4 Qd3 25. g5 Qh3+ 26. Kg1 Qe3+ 27. Rf2 Kh8
28. Nf1 Bxg5 29. hxg5 Qxg5+ 30. Qxg5 Nxg5 31. Rxd6 Nh3+ 32. Kg2 Nxf2 33. Kxf2
Nc5 34. Neg3 b5 35. axb5 axb5 36. Ne3 Rfd8 37. Rh6+ Kg7 38. Ng4 Rd2+ 39. Ke1
Rc2 40. f6+ Kg8 41. Nxe5 Ra8 42. Kd1 Rg2 43. Ne2 Ra1+ 44. Kd2 0-1

[Event "Zukertort"]
[Site "Charlesbourg CAN"]
[Date "2010.05.24"]
[Round "5"]
[White "Beaudoin, Stephane"]
[Black "Lessard, Claude"]
[Result "0-1"]
[WhiteElo "2113"]
[BlackElo "2025"]
[PlyCount "98"]
[EventDate "2010.04.26"]
[EventType "team"]
[EventRounds "6"]
[EventCountry "CAN"]

1. e4 c6 2. Nf3 d5 3. exd5 cxd5 4. Ne5 a6 5. d4 Nc6 6. f4 Bf5 7. c3 e6 8. Nd2
Nf6 9. Be2 Bd6 10. O-O Qc7 11. Ndf3 h6 12. Qe1 Ne4 13. Bd3 f6 14. Nxc6 bxc6 15.
Nd2 Nxd2 16. Bxf5 Nxf1 17. Bg6+ Kd8 18. Qxf1 e5 19. dxe5 fxe5 20. f5 Rf8 21.
Qe1 Rb8 22. b3 Rf6 23. Qh4 Qe7 24. Bd2 Rxg6 25. Qxe7+ Kxe7 26. fxg6 Kf6 27. Be3
Kxg6 28. Rd1 Kf5 29. Kf2 Ke6 30. Ke2 c5 31. g4 d4 32. Bd2 e4 33. h4 Rf8 34.
cxd4 cxd4 35. Rg1 d3+ 36. Kd1 Bc5 37. Re1 Kd5 38. g5 h5 39. b4 Bd4 40. a4 Rf3
41. b5 axb5 42. axb5 Bb6 43. g6 e3 44. Bc3 Kc4 45. Bxg7 e2+ 46. Kc1 Be3+ 47.
Kb2 d2 48. Bc3 d1=Q 49. b6 Bc1+ 0-1

[Event "Zukertort"]
[Site "Charlesbourg CAN"]
[Date "2010.05.24"]
[Round "5"]
[White "Drolet, Stephane"]
[Black "Tremblay, Rejean"]
[Result "1/2-1/2"]
[WhiteElo "2132"]
[BlackElo "2289"]
[PlyCount "40"]
[EventDate "2010.04.26"]
[EventType "team"]
[EventRounds "6"]
[EventCountry "CAN"]

1. d4 Nf6 2. Nf3 b6 3. Bg5 Bb7 4. Bxf6 gxf6 5. Nbd2 f5 6. g3 Bg7 7. c3 c5 8. e3
Nc6 9. Bg2 Ba6 10. d5 Na5 11. Nh4 e6 12. dxe6 dxe6 13. Qa4+ b5 14. Bc6+ Nxc6
15. Qxa6 Qb6 16. Qa3 b4 17. cxb4 Qxb4 18. Qa6 Qb6 19. Qa4 Rd8 20. Nc4 Qb4+
1/2-1/2

[Event "Zukertort"]
[Site "Charlesbourg CAN"]
[Date "2010.05.24"]
[Round "5"]
[White "Gagnon, Francois"]
[Black "Filiatreault, Michel"]
[Result "0-1"]
[WhiteElo "1858"]
[BlackElo "1919"]
[PlyCount "74"]
[EventDate "2010.04.26"]
[EventType "team"]
[EventRounds "6"]
[EventCountry "CAN"]

1. e4 c5 2. Nf3 e6 3. d4 cxd4 4. Nxd4 Nc6 5. Nc3 a6 6. Be3 Qc7 7. Be2 Nf6 8.
O-O b5 9. a3 Bb7 10. f4 Nxd4 11. Qxd4 Rc8 12. Kh1 Bc5 13. Qd3 Bxe3 14. Qxe3 Qc5
15. Qd3 d5 16. e5 Ne4 17. Nxe4 dxe4 18. Qg3 O-O 19. f5 exf5 20. c3 f4 21. Rxf4
Qxe5 22. Raf1 Bd5 23. Qh3 Be6 24. Qh4 f5 25. Qf2 Rf6 26. Qa7 g5 27. R4f2 Rh6
28. g3 e3 29. Rf3 Bd5 30. Kg2 Bxf3+ 31. Rxf3 f4 32. Qb7 Rc7 33. Qa8+ Kg7 34.
Qd8 Rf6 35. gxf4 gxf4 36. Bd3 Qd6 37. Qxd6 Rxd6 0-1

[Event "Zukertort"]
[Site "Charlesbourg CAN"]
[Date "2010.05.24"]
[Round "5"]
[White "Glode, Martin"]
[Black "Arteau, Benoit"]
[Result "1-0"]
[WhiteElo "1779"]
[BlackElo "1819"]
[PlyCount "41"]
[EventDate "2010.04.26"]
[EventType "team"]
[EventRounds "6"]
[EventCountry "CAN"]

1. e4 c5 2. Nf3 Nf6 3. e5 Nd5 4. g3 e6 5. Bg2 Nc6 6. O-O Be7 7. Re1 O-O 8. d4
d6 9. exd6 Bxd6 10. Na3 Bd7 11. Nc4 Qc7 12. Nxd6 Qxd6 13. c4 Nb6 14. Bf4 Qe7
15. d5 Nb4 16. a3 Na6 17. dxe6 Ba4 18. b3 Rfd8 19. exf7+ Qxf7 20. Qc2 Bd7 21.
Ng5 1-0